000 00680nam a2200241Ia 4500
003 OSt
005 20220926004533.0
006 a|||||r|||| 00| 0
007 ta
008 220923b |||||||| |||| 00| 0 eng d
020 _a8185047359
037 _cGeneral Book
040 _aRTL
_cRTL
_beng
041 _2eng
_aeng
082 _aU.245.N8, M8
100 _aKaushal R K
_9242090
245 0 _aHimachal Pradesh
_bSocioeconomic, geographical and historical survey
260 _a New Delhi
_bReliance Publishers
_c1988
300 _a149p.
_ccm.
650 _aGeography
942 _hU.245.N8, M8
_cGB
_2CC
999 _c611531
_d611531